Oscars for Best Director 1990-2025 - Statistics

General Stats
  • This quiz has been taken 282 times
    36 since last reset
  • The average score is 30 of 36
Answer Stats
Question Answer % Correct
2023 Christopher Nolan (Oppenheimer)
97%
2025 Paul Thomas Anderson (One Battle After Another)
97%
2019 Bong Joon-ho (Parasite)
94%
2022 Daniel Kwan, Daniel Scheinert (Everything Everywhere All at Once)
94%
1997 James Cameron (Titanic)
94%
2021 Jane Campion (The Power of the Dog)
94%
1995 Mel Gibson (Braveheart)
94%
1994 Robert Zemeckis (Forrest Gump)
94%
1993 Steven Spielberg (Schindler's List)
94%
2020 Chloe Zhao (Nomadland)
92%
2017 Guillermo del Toro (The Shape of Water)
92%
1990 Kevin Costner (Dances with Wolves)
92%
2006 Martin Scorsese (The Departed)
92%
2024 Sean Baker (Anora)
92%
2014 Alejandro González Iñárritu (Birdman)
89%
2018 Alfonso Cuarón (Roma)
89%
2004 Clint Eastwood (Million Dollar Baby)
89%
2007 Coen Brothers (No Country for Old Men)
89%
2008 Danny Boyle (Slumdog Millionaire)
89%
1991 Jonathan Demme (The Silence of the Lambs)
89%
1999 Sam Mendes (American Beauty)
89%
1992 Clint Eastwood (Unforgiven)
86%
2016 Damien Chazelle (La La Land)
86%
2009 Kathryn Bigelow (The Hurt Locker)
86%
2003 Peter Jackson (The Lord of the Rings: The Return of the King)
86%
2015 Alejandro González Iñárritu (The Revenant)
81%
2011 Michel Hazanavicius (The Artist)
81%
2001 Ron Howard (A Beautiful Mind)
81%
2002 Roman Polanski (The Pianist)
78%
2010 Tom Hooper (The King's Speech)
75%
2005 Ang Lee (Brokeback Mountain)
72%
2012 Ang Lee (Life of Pi)
69%
1996 Anthony Minghella (The English Patient)
67%
1998 Steven Spielberg (Saving Private Ryan)
64%
2013 Alfonso Cuarón (Gravity)
58%
2000 Steven Soderbergh (Traffic)
42%
No matching quizzes found
Score Distribution
Percent of People with Each Score
Percentile by Number Answered
Your Score History
You have not taken this quiz since the last reset